Responses for Show #6881 - Monday, July 14, 2014

Contestants

[<< previous game]

Ben-Hur Flores, a customer service representative from Tampa, Florida

Virginia Hatfield, an opera singer from Toronto, Ontario, Canada

Jen Fiero, a librarian from Jackson, Michigan (whose 2-day cash winnings total $36,000)

[next game >>]

Jeopardy! Round responses

THE BIBLE TELLS ME SO
MOVIE MUSICALS
ALPHANUMERICS
THE LANGUAGE OF BEER
(Alex: You give me the language, please.)
IT'S A BIRD
THE MONUMENTS WOMEN
    $200 7
Jesus

Jen
    $200 1
Singin' in the Rain

Ben-Hur
    $200 6
3M

Jen
    $200 12
Spanish

Virginia
    $200 23
hawks

Ben-Hur
    $200 17
Lucille Ball

Ben-Hur
    $1,000 8
Jericho

Jen
    $400 2
Julie Andrews

Ben-Hur
    $400 19
a W-2

Ben-Hur
    $400 13
German

Ben-Hur
    $400 24
goosebumps

Jen
    $400 18
(Jen: What is "Oklahoma!"?)

"America The Beautiful"

Jen
Triple Stumper
    $600 9
false witness

Ben-Hur
    $600 3
(Virginia: Who is Christina Aguilera?)

Cher

JenVirginia
    $600 20
MI-6

Jen
    $600 14
Japanese

Jen
    $600 25
pigeonhole

Ben-Hur
    $600 28
Anne Frank

Jen
    $800 10
Samson

Triple Stumper
    $800 4
Moulin Rouge!

Jen
    $800 21
4-F

Ben-Hur
    $800 15
Mandarin Chinese

Jen
    $800 26
cardinal

Ben-Hur
    $800 29
Molly Pitcher

Ben-Hur
    $1000 11
Solomon

Jen
    $1000 5
(George M.) Cohan

Ben-Hur
    $1000 22
U-2

Ben-Hur
    $1000 16
Greek

Triple Stumper
    $1000 27
duck soup

Jen
    $1000 30
Harriet Beecher Stowe

Virginia

Scores at the first commercial break (after clue 16):

Jen Virginia Ben-Hur
$5,200 -$400 $2,600

Scores at the end of the Jeopardy! Round:

Jen Virginia Ben-Hur
$7,400 $600 $7,400

Double Jeopardy! Round responses

"I" LOVE SCIENCE
TIME FOR A REVOLUTION!
EXPOSÉS
MICKEYPEDIA
SHAKESPEARE'S ENDINGS
ADD A LETTER
    $400 13
implosion

Ben-Hur
    $400 18
the '50's

Ben-Hur
    $400 1
olive oil

Virginia
    $400 3
Mickey Mouse

Jen
    $400 7
Othello

Ben-Hur
    $400 12
a clock

Jen
    $800 14
igneous

Jen
    $800 19
1789

Ben-Hur
    $800 2
John F. Kennedy

Jen
    $800 4
Mickey Mantle

Virginia
    $800 8
(Ben-Hur: What is Romeo and Juliet?)

Richard III

VirginiaBen-Hur
    $800 27
(Virginia: What is cat?)

chat

JenVirginia
    $1200 15
inertia

Jen
    $1200 20
Russian

Ben-Hur
    $1200 5
Nellie Bly

Triple Stumper
    $1200 24
The Grateful Dead

Triple Stumper
    $1,000 9
(Virginia: What is Twelfth Night?)

The Tempest

Virginia
    $1200 30
forger

Ben-Hur
    $1600 16
infrared

Ben-Hur
    $2,000 21
(Ben-Hur: What is July?)

April

Ben-Hur
    $1600 6
Fast Food Nation

Virginia
    $1600 25
Mickey Rooney

Ben-Hur
    $1600 10
Hamlet

Triple Stumper
    $1600 29
irate

Jen
    $2000 17
the ilium

Ben-Hur
    $2000 22
1956

Virginia
    $2000 23
(Jen: What is Minimum Wage?)
(Virginia: What is Nickel and Dime?)

Nickel and Dimed

JenVirginia
Triple Stumper
    $2000 26
Mickey Rourke

Virginia
    $2000 11
Titus Andronicus

Ben-Hur
    $2000 28
rationale

Jen

Scores at the end of the Double Jeopardy! Round:

Jen Virginia Ben-Hur
$13,400 $4,400 $16,200

[wagering suggestions for these scores]

Final Jeopardy! Round responses

LITERARY TITLE WORDS
VirginiaWhat is fiery?
$4,400
JenWhat is great
$4,600
Ben-HurWhat is divine?
$3,800
divine

Final scores:

Jen Virginia Ben-Hur
$8,800 $0 $20,000
2nd place: $2,000 3rd place: $1,000 New champion: $20,000

Game dynamics:

Coryat scores:

Jen Virginia Ben-Hur
$12,800 $5,400 $18,200
20 R
(including 1 DD),
2 W
8 R,
4 W
(including 1 DD)
23 R,
2 W
(including 1 DD)

Combined Coryat: $36,400

[game clues] [game scores] [suggest correction]

Game tape date: 2014-03-19
The J! Archive is created by fans, for fans. Scraping, republication, monetization, and malicious use prohibited; this site may use cookies and collect identifying information. See terms. The Jeopardy! game show and all elements thereof, including but not limited to copyright and trademark thereto, are the property of Jeopardy Productions, Inc. and are protected under law. This website is not affiliated with, sponsored by, or operated by Jeopardy Productions, Inc. Join the discussion at JBoard.tv.